000 00443pab a2200169 454500
008 180718b2011 xxu||||| |||| 00| 0 eng d
100 _aHotz, Joseph V.
245 _aThe impact of regulations on the supply and quality of care in child care markets
260 _c2011
300 _ap.1775-1805.
362 _aAug
650 _aChild welfare
700 _aXiao, Mo
773 _aAmerican Economic Review
908 _aN
909 _a93776
999 _c93776
_d93776